Strategic Financial Management (Record no. 655)

MARC details
000 -LEADER
fixed length control field 00421nam a22001697a 4500
005 - DATE AND TIME OF LATEST TRANSACTION
control field 20180711113848.0
008 - FIXED-LENGTH DATA ELEMENTS--GENERAL INFORMATION
fixed length control field 160512b xxu||||| |||| 00| 0 eng d
020 ## - INTERNATIONAL STANDARD BOOK NUMBER
ISBN 81-259-1419-6
041 ## - LANGUAGE CODE
Language code of text/sound track or separate title eng
082 ## - DEWEY DECIMAL CLASSIFICATION NUMBER
Item number 1691
Classification number 658.15
100 ## - MAIN ENTRY--AUTHOR NAME
Personal name Jakhotiya, G.P.
245 ## - TITLE STATEMENT
Title Strategic Financial Management
260 ## - PUBLICATION, DISTRIBUTION, ETC. (IMPRINT)
Place of publication New Delhi
Name of publisher Vikas Publishing
Year of publication 2003
300 ## - PHYSICAL DESCRIPTION
Number of Pages 376p,
650 ## - SUBJECT ADDED ENTRY--TOPICAL TERM
Topical Term Management
942 ## - ADDED ENTRY ELEMENTS (KOHA)
Koha item type Books
Holdings
Lost status Damaged status Collection code Home library Current library Shelving location Date acquired Cost, normal purchase price Full call number Accession Number Koha item type
    MANAGEMENT JRU Library JRU Library SHELF-64-L 12/05/2016 200.00 658.15 1691 Books
    MANAGEMENT JRU Library JRU Library SHELF-64-L 12/05/2016 200.00 658.15 1692 Books
    Reference JRU Library   SHELF-28-G 12/05/2016 200.00 658.15 1693 Books